The adventures of Oliver Twist (Record no. 5310)

000 -LEADER
fixed length control field 00729 a2200265 4500
020 ## - INTERNATIONAL STANDARD BOOK NUMBER
International Standard Book Number 158279037X
020 ## - INTERNATIONAL STANDARD BOOK NUMBER
International Standard Book Number 1582790493
040 ## - CATALOGING SOURCE
Original cataloging agency DLC
Language of cataloging DLC
082 00 - DEWEY DECIMAL CLASSIFICATION NUMBER
Classification number 823/.8
100 1# - MAIN ENTRY--PERSONAL NAME
Personal name Dickens, Charles,
245 14 - TITLE STATEMENT
Title The adventures of Oliver Twist
Statement of responsibility, etc. by Charles Dickens.
246 30 - VARYING FORM OF TITLE
Title proper/short title Oliver Twist
260 ## - PUBLICATION, DISTRIBUTION, ETC.
Place of publication, distribution, etc. [Naples, Fla.] :
Name of publisher, distributor, etc. Trident Press International,
Date of publication, distribution, etc. 1999.
300 ## - PHYSICAL DESCRIPTION
Extent xiii, 438 p. :
Other physical details ill. ;
Dimensions 24 cm.
440 #0 - SERIES STATEMENT/ADDED ENTRY--TITLE
Title [Signature classics]
500 ## - GENERAL NOTE
General note Series statement on jacket.
650 #0 - SUBJECT ADDED ENTRY--TOPICAL TERM
Topical term or geographic name entry element Boys
650 #0 - SUBJECT ADDED ENTRY--TOPICAL TERM
Topical term or geographic name entry element Orphans
650 #0 - SUBJECT ADDED ENTRY--TOPICAL TERM
Topical term or geographic name entry element Criminals
650 #0 - SUBJECT ADDED ENTRY--TOPICAL TERM
Topical term or geographic name entry element Kidnapping victims
650 #0 - SUBJECT ADDED ENTRY--TOPICAL TERM
Topical term or geographic name entry element Identity (Psychology)
651 #0 - SUBJECT ADDED ENTRY--GEOGRAPHIC NAME
Geographic name London (England)
655 #7 - INDEX TERM--GENRE/FORM
Genre/form data or focus term Bildungsromans.
942 ## - ADDED ENTRY ELEMENTS (KOHA)
Koha item type Book
Call number prefix 823.8 DIC
Source of classification or shelving scheme
Holdings
Withdrawn status Lost status Damaged status Not for loan Collection code Permanent Location Current Location Shelving location Date acquired Source of acquisition Cost, normal purchase price Total Checkouts Total Renewals Full call number Barcode Date last seen Date last checked out Price effective from Koha item type
          Central Library (CL) Central Library (CL) Fiction 08/16/2005 Allied Book Company 1916.77 9 3 823.8 DIC SEECS006293 10/15/2025 02/07/2025 01/05/2017 Book
© 2023 Central Library, National University of Sciences and Technology. All Rights Reserved.